000 00703nam a2200241Ia 4500
003 OSt
005 20220923221416.0
006 a|||||r|||| 00| 0
007 ta
008 220922b |||||||| |||| 00| 0 hin d
024 _a197,536
037 _cTextual
040 _aARTS
_cARTS
_bhin
041 _2hin
_ahin
082 _aO152,8N161x, M6
100 _aनागर, अमृत लाल
_9157452
245 0 _aचकल्लस
246 _aChakallasa
260 _aदिल्ली
_b राजपाल प्रका0
_c1986
300 _a211पृ.
_ccm.
942 _hO152,8N161x, M6
_cTEXL
_2CC
999 _c349407
_d349407